HUMAN LAW & HUMAN JUSTICE (Record no. 11036)

MARC details
000 -LEADER
fixed length control field 00279nam a22001337a 4500
003 - CONTROL NUMBER IDENTIFIER
control field SGT
082 ## - DEWEY DECIMAL CLASSIFICATION NUMBER
Classification number 340,STO
100 ## - MAIN ENTRY--PERSONAL NAME
Personal name STONE,JULIUS
245 ## - TITLE STATEMENT
Title HUMAN LAW & HUMAN JUSTICE
260 ## - PUBLICATION, DISTRIBUTION, ETC. (IMPRINT)
Place of publication, distribution, etc NEW DELHI
Name of publisher, distributor, etc UNIVERSAL
Year of Publication 2011
300 ## - PAGE DESCRIPTION
No. of Pages 415
650 ## - SUBJECT ADDED ENTRY--TOPICAL TERM
Topical term or geographic name as entry element HUMAN LAW
942 ## - ADDED ENTRY ELEMENTS (KOHA)
Source of classification or shelving scheme Dewey Decimal Classification
Koha item type Books
Holdings
Withdrawn status Lost status Source of classification or shelving scheme Damaged status Not for loan Collection code Home library Current library Shelving location Date acquired Vendor Name Cost, normal purchase price SGTU Bill Number Total Checkouts Full call number Accession No. (Barcode) Date last seen Bill Date Koha item type
    Dewey Decimal Classification     LAW SGT Science & Social Sciences Library SGT Science & Social Sciences Library Text Book 28/02/2017 JUPITER LAW BOOK COMPANY 475.00 SGTU 1324   340,STO FL563 28/02/2017 20/12/2014 Books
    Dewey Decimal Classification     LAW SGT Science & Social Sciences Library SGT Science & Social Sciences Library Text Book 28/02/2017 JUPITER LAW BOOK COMPANY 475.00 SGTU 1324   340,STO FL564 28/02/2017 20/12/2014 Books